[Event "Sarajevo Bosna op 49th"]
[Site "Sarajevo"]
[Date "2019.04.30"]
[Round "5"]
[White "Nukic, Farik"]
[Black "Medic, Nevenko"]
[Result "1-0"]
[WhiteElo "1731"]
[BlackElo "1983"]
[PlyCount "83"]
[EventDate "2019.04.27"]
[EventType "swiss"]
[EventRounds "9"]
[EventCountry "BIH"]
[SourceTitle "CBM 190 Extra"]
[Source "ChessBase"]
[SourceDate "2019.07.15"]
[SourceVersion "1"]
[SourceVersionDate "2019.07.15"]
[SourceQuality "1"]

1. d4 d5 2. Bf4 Nf6 3. e3 e6 4. Nd2 Bd6 5. Bg3 0-0 6. Bd3 c5 7. c3 Nc6 8. Ngf3 c4 9. Bc2 Qc7 10. e4 dxe4 11. Bxd6 Qxd6 12. Nxc4 Qf4 13. Nfd2 e5 14. g3 Qf5 15. Ne3 Qd7 16. dxe5 Nxe5 17. Nxe4 Qc6 18. f3 Nxe4 19. Bxe4 Qb6 20. Qe2 Be6 21. f4 f5 22. Nxf5 Bxf5 23. Bxf5 Rxf5 24. fxe5 Qg6 25. Rf1 Re8 26. Rxf5 Qxf5 27. 0-0-0 h6 28. Re1 Qe6 29. b3 Rc8 30. Kb2 a5 31. Qd3 Rc6 32. c4 Kh8 33. Qd4 Kh7 34. Qd3+ Kh8 35. Re3 a4 36. Qd5 Qe7 37. h3 a3+ 38. Kc3 Qg5 39. Qe4 Re6 40. Qf4 Qg6 41. Qf8+ Kh7 42. g4 1-0

[Event "Sarajevo Bosna op 47th"]
[Site "Sarajevo"]
[Date "2017.05.17"]
[Round "7"]
[White "Cabric, Izet"]
[Black "Medic, Nevenko"]
[Result "0-1"]
[WhiteElo "1895"]
[BlackElo "1996"]
[PlyCount "53"]
[EventDate "2017.05.13"]
[EventType "swiss"]
[EventRounds "9"]
[EventCountry "BIH"]
[SourceTitle "CBM 178 Extra"]
[Source "ChessBase"]
[SourceDate "2017.06.22"]
[SourceVersion "1"]
[SourceVersionDate "2017.06.22"]
[SourceQuality "1"]

1. e4 c6 2. d4 d5 3. Nc3 dxe4 4. Nxe4 Nd7 5. Nf3 Ngf6 6. Ng3 e6 7. Bd3 c5 8. c3 cxd4 9. Nxd4 Bc5 10. 0-0 Bxd4 11. cxd4 Qb6 12. Bc2 0-0 13. a3 Rd8 14. b4 Nf8 15. Be3 Nd5 16. Ne2 Nxe3 17. fxe3 e5 18. Qd3 Bg4 19. Bb3 Rd7 20. Rad1 exd4 21. exd4 Re8 22. Rf2 Rde7 23. Rd2 Bh5 24. h3 Rxe2 25. Rfxe2 Rxe2 26. Bxf7+ Bxf7 27. Qxe2 0-1

[Event "Sarajevo Bosna op 46th"]
[Site "Sarajevo"]
[Date "2016.06.01"]
[Round "7"]
[White "Kocanovic, Armin"]
[Black "Medic, Nevenko"]
[Result "1/2-1/2"]
[WhiteElo "1592"]
[BlackElo "2000"]
[PlyCount "40"]
[EventDate "2016.05.28"]
[EventType "swiss"]
[EventRounds "9"]
[EventCountry "BIH"]
[SourceTitle "EXT 2019"]
[Source "ChessBase"]
[SourceDate "2018.10.10"]
[SourceVersion "1"]
[SourceVersionDate "2018.10.10"]
[SourceQuality "1"]

1. e4 c6 2. d4 d5 3. Nc3 dxe4 4. Nxe4 Nd7 5. Nf3 Ngf6 6. Nxf6+ Nxf6 7. Bc4 e6 8. 0-0 Be7 9. Bg5 0-0 10. c3 Qc7 11. Rc1 b6 12. Re1 Bb7 13. Bb3 Rad8 14. Ne5 Nd5 15. Bxe7 Qxe7 16. Bc2 Nf6 17. f4 c5 18. f5 cxd4 19. cxd4 Qd6 20. fxe6 fxe6 1/2-1/2

[Event "Sarajevo Bosna op 46th"]
[Site "Sarajevo"]
[Date "2016.05.31"]
[Round "6"]
[White "Medic, Nevenko"]
[Black "Marn, Jan"]
[Result "0-1"]
[WhiteElo "2000"]
[BlackElo "1831"]
[PlyCount "68"]
[EventDate "2016.05.28"]
[EventType "swiss"]
[EventRounds "9"]
[EventCountry "BIH"]
[SourceTitle "EXT 2019"]
[Source "ChessBase"]
[SourceDate "2018.10.10"]
[SourceVersion "1"]
[SourceVersionDate "2018.10.10"]
[SourceQuality "1"]

1. d4 d5 2. c4 e6 3. Nf3 Nf6 4. Nc3 Be7 5. Bg5 0-0 6. e3 c6 7. Bd3 dxc4 8. Bxc4 Nd5 9. Bxe7 Qxe7 10. 0-0 Nd7 11. e4 Nxc3 12. bxc3 e5 13. Re1 exd4 14. cxd4 Nb6 15. Bb3 Bg4 16. Qd3 Rad8 17. Rad1 Rfe8 18. Ne5 Bxd1 19. Bxf7+ Kh8 20. Bxe8 Qxe5 21. dxe5 Rxd3 22. e6 Bg4 23. e7 Nc8 24. Bxc6 Nxe7 25. Bxb7 Be6 26. a4 Ra3 27. f4 Kg8 28. Rd1 Rxa4 29. f5 Bb3 30. Rd7 Kf7 31. Kf2 a5 32. g4 Rb4 33. Ke3 Ke8 34. Rc7 Kd8 0-1

[Event "Sarajevo Bosna op 46th"]
[Site "Sarajevo"]
[Date "2016.05.31"]
[Round "5"]
[White "Terzic, Ilijas"]
[Black "Medic, Nevenko"]
[Result "1-0"]
[WhiteElo "2165"]
[BlackElo "2000"]
[PlyCount "61"]
[EventDate "2016.05.28"]
[EventType "swiss"]
[EventRounds "9"]
[EventCountry "BIH"]
[SourceTitle "EXT 2019"]
[Source "ChessBase"]
[SourceDate "2018.10.10"]
[SourceVersion "1"]
[SourceVersionDate "2018.10.10"]
[SourceQuality "1"]

1. d4 d5 2. Nf3 Nf6 3. c4 e6 4. Nc3 a6 5. Bg5 Be7 6. e3 0-0 7. Rc1 dxc4 8. Bxc4 b5 9. Bd3 Bb7 10. a4 b4 11. Bxf6 Bxf6 12. Ne4 Nd7 13. Nxf6+ Nxf6 14. 0-0 Rc8 15. Qe2 Qd6 16. Rfd1 g6 17. h3 Nd7 18. Bb1 Qb6 19. Nd2 c5 20. Nc4 Qc6 21. f3 cxd4 22. Be4 Qc7 23. Bxb7 Qxb7 24. Nd6 Qb8 25. Nxc8 Rxc8 26. Qxa6 Rxc1 27. Rxc1 Qe5 28. Qa8+ Nf8 29. Qe4 Qa5 30. Qxd4 Qxa4 31. Rc8 1-0

[Event "Sarajevo Bosna op 46th"]
[Site "Sarajevo"]
[Date "2016.05.29"]
[Round "3"]
[White "Medic, Nevenko"]
[Black "Hadzovic, Amir"]
[Result "0-1"]
[WhiteElo "2000"]
[BlackElo "2218"]
[PlyCount "88"]
[EventDate "2016.05.28"]
[EventType "swiss"]
[EventRounds "9"]
[EventCountry "BIH"]
[SourceTitle "EXT 2019"]
[Source "ChessBase"]
[SourceDate "2018.10.10"]
[SourceVersion "1"]
[SourceVersionDate "2018.10.10"]
[SourceQuality "1"]

1. d4 Nf6 2. c4 g6 3. Nc3 Bg7 4. e4 d6 5. h3 0-0 6. Nf3 c6 7. Be3 Qa5 8. Qd2 e5 9. d5 c5 10. Bd3 a6 11. 0-0 Nbd7 12. a3 Nh5 13. Rfe1 Qd8 14. Bh6 Bxh6 15. Qxh6 Qf6 16. Ne2 Qg7 17. Qxg7+ Kxg7 18. g4 Nhf6 19. Ng3 h6 20. Kg2 Ne8 21. Nd2 Ndf6 22. b4 h5 23. f3 Kh6 24. Rab1 h4 25. Ne2 Nd7 26. Nb3 b6 27. Nc3 Rb8 28. bxc5 dxc5 29. Nd2 Nd6 30. a4 f5 31. Rb2 fxg4 32. hxg4 Rf6 33. Reb1 Rb7 34. Nb3 Nf7 35. Rh1 g5 36. Nd1 Nf8 37. Nc1 Ng6 38. Ne2 Bd7 39. Ndc3 Nd6 40. Rbb1 Rb8 41. a5 Rbf8 42. Rbf1 b5 43. cxb5 axb5 44. Bc2 Nc4 0-1

[Event "Sarajevo Bosna op 45th"]
[Site "Sarajevo"]
[Date "2015.06.03"]
[Round "7"]
[White "Alic, Amir"]
[Black "Medic, Nevenko"]
[Result "1-0"]
[WhiteElo "1964"]
[BlackElo "2038"]
[PlyCount "97"]
[EventDate "2015.05.30"]
[EventType "swiss"]
[EventRounds "9"]
[EventCountry "BIH"]
[SourceTitle "CBM 166 Extra"]
[Source "ChessBase"]
[SourceDate "2015.06.18"]
[SourceVersion "1"]
[SourceVersionDate "2015.06.18"]
[SourceQuality "1"]

1. d4 d5 2. c4 e6 3. Nc3 Nf6 4. cxd5 exd5 5. Bg5 Be7 6. e3 0-0 7. Bd3 c6 8. Nge2 Re8 9. 0-0 Nh5 10. Bxe7 Qxe7 11. Re1 f5 12. Ng3 Nxg3 13. hxg3 Be6 14. Rb1 Nd7 15. b4 a6 16. a4 b5 17. Ne2 g6 18. a5 Rac8 19. Nf4 Bf7 20. Qd2 g5 21. Nh3 Qf6 22. Rbc1 Nf8 23. Rc3 Be6 24. Rec1 Bd7 25. Bf1 h6 26. f4 Re7 27. Nf2 Rce8 28. Nd3 Rxe3 29. Ne5 Rxc3 30. Qxc3 Rc8 31. Qc5 Be8 32. Qa7 gxf4 33. Qxa6 Rc7 34. Bxb5 fxg3 35. Nf3 Bh5 36. Rxc6 Qg7 37. Rxc7 Qxc7 38. Qc6 Qe7 39. Qxd5+ Bf7 40. Qe5 Qxb4 41. Qxg3+ Bg6 42. Qe5 Bh5 43. Bc6 Bxf3 44. Bxf3 Ng6 45. Bd5+ Kh7 46. Qc7+ Ne7 47. Kh2 Kh8 48. Qe5+ Kh7 49. a6 1-0

[Event "Sarajevo Bosna op 45th"]
[Site "Sarajevo"]
[Date "2015.05.31"]
[Round "2"]
[White "Rozic, Slaven"]
[Black "Medic, Nevenko"]
[Result "0-1"]
[WhiteElo "1891"]
[BlackElo "2038"]
[PlyCount "106"]
[EventDate "2015.05.30"]
[EventType "swiss"]
[EventRounds "9"]
[EventCountry "BIH"]
[SourceTitle "CBM 166 Extra"]
[Source "ChessBase"]
[SourceDate "2015.06.18"]
[SourceVersion "1"]
[SourceVersionDate "2015.06.18"]
[SourceQuality "1"]

1. d4 d5 2. c4 Nf6 3. cxd5 Nxd5 4. e4 Nf6 5. Nc3 c6 6. Nf3 Bg4 7. Be2 e6 8. 0-0 Be7 9. Be3 0-0 10. Qb3 Qb6 11. Qc2 Qd8 12. Rfd1 Qc8 13. Rac1 Rd8 14. a3 Nbd7 15. e5 Nd5 16. Nxd5 exd5 17. Ng5 Nf8 18. h3 Bxe2 19. Qxe2 h6 20. Nf3 Re8 21. Qd3 Qd7 22. Nd2 f5 23. f4 g6 24. Kh2 Kh7 25. Rg1 Ne6 26. g4 Ng7 27. Rg2 Rg8 28. Nb3 Raf8 29. Nd2 b6 30. Qc2 c5 31. dxc5 d4 32. c6 Qd5 33. Qd3 Ne6 34. c7 Qb7 35. Qc4 dxe3 36. Qxe6 exd2 37. Rxd2 Rg7 38. c8Q Rxc8 39. Rxc8 Qf3 40. Rc4 Bc5 41. Qd5 Qe3 42. Rg2 fxg4 43. hxg4 Qe1 44. Rc3 Be3 45. Rxe3 Qxe3 46. Qd2 Qc5 47. Rg3 Qe7 48. Qe2 Qe6 49. Rd3 Rc7 50. Kg3 Kg7 51. Qe4 h5 52. Rd6 Qxg4+ 53. Kf2 Rc1 0-1

[Event "Gorazde op"]
[Site "Gorazde"]
[Date "2009.11.14"]
[Round "5"]
[White "Stavnjak, Lazar"]
[Black "Medic, Nevenko"]
[Result "1-0"]
[WhiteElo "2240"]
[BlackElo "2115"]
[PlyCount "121"]
[EventDate "2009.11.12"]
[EventType "swiss"]
[EventRounds "7"]
[EventCountry "BIH"]
[SourceTitle "EXT 2011"]
[Source "ChessBase"]
[SourceDate "2010.11.26"]
[SourceVersion "1"]
[SourceVersionDate "2010.11.26"]
[SourceQuality "1"]

1. e4 c6 2. d4 d5 3. Nc3 dxe4 4. Nxe4 Nd7 5. Nf3 Ngf6 6. Bd3 Nxe4 7. Bxe4 Nf6 8. Bd3 Bg4 9. c3 e6 10. h3 Bh5 11. g4 Bg6 12. Qe2 Bd6 13. Bg5 Qc7 14. Bxf6 gxf6 15. 0-0-0 0-0-0 16. Kb1 Bxd3+ 17. Qxd3 h5 18. Qe4 Be7 19. Nd2 Qd6 20. f3 Qd5 21. Qe2 f5 22. gxf5 Qxf5+ 23. Qe4 Qd5 24. Rhg1 Qxe4+ 25. fxe4 c5 26. Nf3 cxd4 27. cxd4 Rhg8 28. Rxg8 Rxg8 29. Rg1 Rxg1+ 30. Nxg1 f5 31. e5 Kd7 32. Kc2 Kc6 33. Kd3 Bg5 34. Ne2 a6 35. Nc3 h4 36. Ne2 Kd5 37. b3 b5 38. a3 a5 39. Nc3+ Kc6 40. a4 b4 41. Nb5 Bd8 42. Nd6 Kd5 43. Ne8 Kc6 44. Kc4 Bg5 45. Ng7 Kd7 46. d5 exd5+ 47. Kxd5 f4 48. Ke4 Ke7 49. Nf5+ Kf7 50. Nd4 Kg6 51. Nc6 f3 52. Kxf3 Kf5 53. Nxa5 Kxe5 54. Nc6+ Kd5 55. Nxb4+ Kd4 56. a5 Kc5 57. Nc2 Bd8 58. b4+ Kc4 59. Ke4 Kc3 60. Kd5 Kxc2 61. Kc6 1-0